Une lettre suffit pour répondre juste #69 (attention 10 lettres tuent) - Statistiques

Statistiques générales
  • Ce quiz a été pris 61 fois
  • Le résultat moyen est 2 sur 6
Statistiques - réponses
Hint Réponse % Correct
Donne une des 5 lettres qui complète les paroles de la chanson Jeune et con de Damien Saez :
Encore, encore une soirée où la jeunesse France
Encore, elle va bien s'amuser
Dans cet état d'urgence
Alors elle va danser
Faire semblant d'exister
Qui sait? Si on ferme les yeux, on vivra _ _ _ _ _
VIEUX
100%
Donne une des 4 lettres du nom courant de ce genre de plantes à fleurs, aromatique des régions tempérées, abondante dans les garrigues et les maquis, (herbe à tout faire en cuisine) : _ _ _ _
THYM
56%
Donne une des 3 lettres du titre du thriller américain écrit, coproduit et réalisé par M. Night Shyamalan, sorti en 2021 qui est en extrait : _ _ _
OLD
25%
Donne une des 2 lettres des initiales (1ere lettre prénom nom) de ce vidéaste, animateur de radio, de télévision et chroniqueur français :
GP (Guillaume Pley)
10%
Donne la 1ere lettre du pays en vert foncé ci-dessous (c'est aussi la 1ere lettre de sa capitale)
B (Belize, Belmopan)
4%
Donne la lettre qui est le symbole de l'étrangeté (en physique des particules ; nombre noté ? qui intervient dans les calculs de désintégration rapide liée à l'interaction forte) S (pour l'anglais strangeness)
0%
Aucun quiz correspondant
Distribution des résultats
% des personnes avec chaque résultat
Percentile par nombre de réponses
Votre historique - résultats
Vous n’avez pas pris ce quiz